Szczegóły MARC21

Pasje i kantyleny : szkice o literaturze niemieckojęzycznej /

003 -Nazwa inst., której nr kontr. jest w polu 001 [,]
    • @
    • Nazwa instytucji, której n kontrolny jest w polu 001
    • NUKAT
005 -DATA I CZAS OSTATNIEJ MODYFIKACJI [,]
    • @
    • pole kontrolne
    • 20241231112837.0
020 -Międzynarod. znormalizowany nr książki - ISBN [ , ]
    • a
    • Numer ISBN
    • 837177284X Find
040 -Instytucja sporządzająca opis [ , ]
    • a
    • Instytucja, która sporządziła opis (NP)
    • WR U/hp
    • c
    • Instytucja, która sporządziła rekord (NP)
    • WR U/hp
    • d
    • Instytucja, która zmodyfikowała rekord (P)
    • WR U/dl
    • d
    • Instytucja, która zmodyfikowała rekord (P)
    • WR U/MGRs
942 -Rodzaj dokumentu [ , ]
    • c
    • Rodzaj dokumentu
    • Książka
100 -Hasło główne - nazwa osobowa [1, ]
    • a
    • Nazwa osobowa (NP)
    • Łukosz, Jerzy
    • d
    • Daty biograficzne (NP)
    • (1958- ).
    • 9
    • KHW
    • 84799
245 -Strefa tytułu i oznaczenia odpowiedzialności [1,0]
    • a
    • Tytuł
    • Pasje i kantyleny : Find
    • b
    • Ciąg dalszy tytułu (NP)
    • szkice o literaturze niemieckojęzycznej / Find
    • c
    • Pozostałe elementy strefy tytułu i oznaczenia odpowiedzialności (NP)
    • Jerzy Łukosz.
260 -Strefa adresu wydawniczego [ , ]
    • a
    • Miejsce wydania (P)
    • Poznań :
    • b
    • Nazwa wydawcy (P)
    • Wydawnictwo Poznańskie,
    • c
    • Data wydania (P)
    • 2005.
300 -Strefa opisu fizycznego [ , ]
    • a
    • Określenie formy książki i/lub objętość (NP)
    • 253, [3] s. ;
    • c
    • Format (NP)
    • 21 cm.
336 -Typ zawartości [ , ]
    • a
    • Termin opisujący typ zawartości
    • Tekst
    • b
    • Kod określający zawartość
    • txt
    • 2
    • Źródło (terminu i kodu)
    • rdacontent
337 -Typ mediów [ , ]
    • a
    • Tryb odtwarzania
    • Bez urządzenia pośredniczącego
    • b
    • Kod typu mediów
    • n
    • 2
    • Źródło (terminu i kodu)
    • rdamedia
338 -Typ/rodzaj nośnika [ , ]
    • a
    • Hasło opisujące typ nośnika
    • Wolumin
    • b
    • Kod typu nośnika
    • nc
    • 2
    • Źródło (terminu i kodu)
    • rdacarrier
490 -Strefa serii i książki wielotomowej - forma nie do wyszukiwania [1, ]
    • a
    • Tytuł (P)
    • Obszary Literatury i Sztuki Find
830 -Hasło dodatkowe serii i opisu książki wielotomowej - tytuł ujednolicony/tytuł [ ,0]
    • a
    • Tytuł ujednolicony/tytuł (NP)
    • Obszary Literatury i Sztuki
    • 9
    • KHW
    • 40492
080 -Uniwersalna Klasyfikacja Dziesiętna [ , ]
    • 2
    • Identyfikator wydania tablic
    • UDC-P058
    • a
    • Symbol klasyfikacji
    • 821.112.2(436)
    • b
    • Dopowiedzenie
    • Literatura austriacka.
    • x
    • Poddział wspólny
    • (091)
    • b
    • Dopowiedzenie
    • (Opracowania historyczne).
    • x
    • Poddział wspólny
    • "19/20"
080 -Uniwersalna Klasyfikacja Dziesiętna [ , ]
    • 2
    • Identyfikator wydania tablic
    • UDC-P058
    • a
    • Symbol klasyfikacji
    • 821.112.2
    • b
    • Dopowiedzenie
    • Literatura niemiecka.
    • x
    • Poddział wspólny
    • (091)
    • b
    • Dopowiedzenie
    • (Opracowania historyczne).
    • x
    • Poddział wspólny
    • "14/20"
080 -Uniwersalna Klasyfikacja Dziesiętna [ , ]
    • 2
    • Identyfikator wydania tablic
    • UDC-P058
    • a
    • Symbol klasyfikacji
    • 821.112.2(494)
    • b
    • Dopowiedzenie
    • Literatura szwajcarska w języku niemieckim.
    • x
    • Poddział wspólny
    • (091)
    • b
    • Dopowiedzenie
    • (Opracowania historyczne).
    • x
    • Poddział wspólny
    • "1901/1939"
    • b
    • Dopowiedzenie
    • Lata 1901-1939
650 -Hasło przedmiotowe [ ,7]
    • a
    • Hasło przedmiotowe
    • Literatura niemieckojęzyczna
    • x
    • Określnik rzeczowy
    • historia i krytyka.
    • 2
    • Źródło terminu
    • kaba
    • 9
    • KHW
    • 379854
980 -Symbol UKD [ , ]
    • a
    • UKD
    • 821.112.2(436)"19/20":821.112.2"14/20":821.112.2(494)"1901-1939"](091)
920 -ISBN [ , ]
    • a
    • ISBN
    • 83-7177-284-X Find
Lokalizacja Data inwentaryzacji Numer inwentarzowy Sygnatura Status udost.
BM2008-03-03G.18524GERM.Literatura niemieckojęz. 621